000 00493nam a2200205Ia 4500
008 170705s9999 xx 000 0 und d
020 _a9781442443808
245 _aI love you, ZooBorns! /
245 _cAndrew Bleiman and Chris Eastland.
250 _aFirst edition.
260 _aNew York :
260 _bScholastic,
260 _c2012
300 _aunpaged :
300 _bcolor illustration ;
300 _c23cm.
440 _aRead-to-read ;
440 _v1
500 _a480
999 _c336946
_d336946